00599nam a2200169Ia 4500020001800000082002200018245007800040260004000118300000800158504001900166650005100185650004100236650005700277650004500334700001800379710003200397 a9788173048388 a303.40954504 SOC- 0aSocial transformation in North-Western India during the twentieth century aNew DelhibManohar Publishersc2010 a528 aincludes index aSocial changezIndia, North westz20th century aIndia, North westvSocial conditions aIndia, North westvEconomic conditionsz20th century aIndia, North westvHistoryz20th century aSingh, Chetan aInstitute of Punjab Studies